| 000 | 00443cam a22001457a 4500 | ||
|---|---|---|---|
| 008 | 180718b2005 xxu||||| |||| 00| 0 eng d | ||
| 020 | _a8190162969 | ||
| 082 | _aDx54 B469/2004 | ||
| 245 |
_aIndia's foreign relations, documents-2004 _cedited by Avtar Singh Bhasin |
||
| 260 |
_aNew Delhi _bGeetika _c2005 |
||
| 300 | _a1756p. | ||
| 650 | _aIndia -Politics and government | ||
| 650 | _aIndia -Foreign relations | ||
| 700 | _aBhasin, Avtar Singh | ||
| 999 |
_c502063 _d502063 |
||